000 00577nam a22001457a 4500
020 _a978-81-291-3582-7
082 _a823
_bBON/M
100 _aBOND, RUSKIN
245 _aA MUSSOORIE MYSTERY
260 _aDELHI
_bRUPA PUBLICATIONS
_c2017
300 _a116
520 _aA Mussoorie Mystery by Ruskin Bond is a short story about a murder in which the investigation of the case couldn't be completed because of lack of details or it was done with such precision and care that the murderer got away without any air of doubt.
650 _aCHILDRENS STORY BOOK
_zINDIA
942 _cBK
999 _c2780
_d2780